| 000 | 00502nam a2200169 i 4500 | ||
|---|---|---|---|
| 001 | 19640 | ||
| 003 | ES-MaACL | ||
| 005 | 20230906152134.0 | ||
| 007 | t| | ||
| 008 | 021007s1969 sp ||||1| spa d | ||
| 100 | 1 |
_aAbellán, José María, _d1949- _9226571 |
|
| 245 | 1 | 0 |
_aPor senderos casi prohibidos / _cJosé María Abellán. |
| 260 |
_a[Cuenca : _bEscuela de Magisterio Fray Luis de León, _c1969] |
||
| 300 |
_a67 p. ; _c17 cm. |
||
| 852 |
_aES-MaACL _jC-36552 _bR.70983 |
||
| 999 |
_c19640 _d19640 |
||